Eastern Catholic Churches - Statistics

General Stats
  • This quiz has been taken 184 times
  • The average score is 15 of 24
Answer Stats
Liturgical Rite Name # of faithful % Correct
Armenian Armenian Catholic Church 758.000
92%
Byzantine Greek Byzantine Catholic Church 500-6.000
90%
Alexandrian Coptic Catholic Church 187.000
88%
West Syriac / Antiochean Syriac Catholic Church 196.000
84%
Byzantine Russian Greek Catholic Church 30.000
83%
Byzantine Ukrainian Greek Catholic Church 4.472.000
79%
Byzantine Greek Catholic Church of Croatia and Serbia 43.000
74%
West Syriac / Antiochean Maronite Church 3.499.000
73%
Byzantine Romanian Greek Catholic Church 499.000
73%
Byzantine Bulgarian Greek Catholic Church 6-10.000
71%
Byzantine Albanian Greek Catholic Church 1-4.000
70%
Alexandrian Ethiopian Catholic Church 71.000
60%
Byzantine Macedonian Greek Catholic Church 11.000
59%
Byzantine Belarusian Greek Catholic Church 4-9.000
57%
Byzantine Greek Catholic Church of the Byzantine-Slavonic Rite 120
52%
Byzantine Slovak Greek Catholic Church 211.000
52%
East Syriac / Assyrian Chaldean Catholic Church 628.000
51%
Byzantine Melkite Greek Catholic Church 1.569.000
50%
Byzantine Hungarian Greek Catholic Church 262.000
48%
East Syriac / Assyrian Syro-Malabar Catholic Church 4.251.000
48%
Alexandrian Eritrean Catholic Church 168.000
47%
Byzantine Ruthenian Greek Catholic Church 418.000
34%
Byzantine Italo-Albanian Catholic Church 60.000
33%
West Syriac / Antiochean Syro-Malankara Catholic Church 458.000
30%
No matching quizzes found
Score Distribution
Percent of People with Each Score
Percentile by Number Answered
Your Score History
You have not taken this quiz